Piłka nożna - powiązania - kółko i krzyżyk #3 - Statystyki

Ogólne statystyki
  • Ten quiz został rozwiązany 855 razy
  • Średni wynik to 5 z 9
Statystyki odpowiedzi
Hint Odpowiedź % Poprawnych
Lech/Legia Hamalainen | Kaczorowski | Czereszewski | Poledica | Bereszyński | Majewski | Podbrożny | Klatt | Malarz | Lewandowski
93%
Juventus/Barcelona Zambrotta | Szczęsny | Davids | Thuram | Pjanic | Vidal | Caceres | Ibrahimovic | Melo | Cancelo | Alves | Laudrup | Neto | Henry | Sorin
90%
Lech/Barcelona Lewandowski
89%
Juventus/Arsenal Szczęsny | Lichtsteiner | Ramsey | Manninger | Vieira | Neto | Platt | Henry | Traore | Bendtner | Anelka | Mavididi
88%
Lech/Arsenal Fabiański | Bielik
47%
Sporting/Barcelona Trincao | Rochemback | Mathieu | Quaresma | Raphinha | Suarez | Bellerin | Figo | Simao | Amunike
41%
Sporting/Legia Martins | Edson | Vinagre | Medeiros | Mauricio
17%
Sporting/Arsenal Soares | Campbell | Bellerin
10%
Juventus/Legia Pasquato
3%
Nie znaleziono quizów pasujących do podanych kryteriów
Rozkład punktacji
Procent ludzi z każdym wynikiem
Percentyl według liczby udzielonych odpowiedzi
Twoja historia wyników
Nie rozwiązałeś tego quizu